Narrative of a mission to Bokhara, in the years 1843-1845, to ascertain the fate of colonel Stoddart and captain Conolly / (Record no. 27114)
[ view plain ]
| 000 -LEADER | |
|---|---|
| fixed length control field | 00705nam a22002293 4500 |
| 001 - CONTROL NUMBER | |
| control field | 27114 |
| 003 - CONTROL NUMBER IDENTIFIER | |
| rucl marc code | UkOxU |
| 005 - DATE AND TIME OF LATEST TRANSACTION | |
| control field | 20211209051120.0 |
| 008 - FIXED-LENGTH DATA ELEMENTS--GENERAL INFORMATION | |
| fixed length control field | 140324s1848 stk 000 0 d |
| 035 ## - SYSTEM CONTROL NUMBER | |
| System control number | (BD-RjUL)27185 |
| 040 ## - CATALOGING SOURCE | |
| Original cataloging agency | BD-RjUL |
| Language of cataloging | eng |
| Transcribing agency | BD-RjUL |
| 041 ## - LANGUAGE CODE | |
| Language code of text/sound track or separate title | eng |
| 082 ## - DEWEY DECIMAL CLASSIFICATION NUMBER | |
| Author mark and year | WON 1848 |
| Classification number | 958.6 |
| 100 1# - MAIN ENTRY--PERSONAL NAME | |
| Personal name | Wolff, Joseph. |
| 9 (RLIN) | 78316 |
| 245 10 - TITLE STATEMENT | |
| Title | Narrative of a mission to Bokhara, in the years 1843-1845, to ascertain the fate of colonel Stoddart and captain Conolly / |
| Statement of responsibility, etc. | Joseph Wolff. |
| 250 ## - EDITION STATEMENT | |
| Edition statement | 5th ed. |
| 260 ## - PUBLICATION, DISTRIBUTION, ETC. (IMPRINT) | |
| Place of publication, distribution, etc. | London : |
| Date of publication, distribution, etc. | 1848 |
| Name of publisher, distributor, etc. | Edinburgh and London, |
| 300 ## - PHYSICAL DESCRIPTION | |
| Pagination | 429p. ; |
| Size | 19 cm. |
| 690 00 - LOCAL SUBJECT ADDED ENTRY--TOPICAL TERM (OCLC, RLIN) | |
| Topical term or geographic name as entry element | Geography |
| Geographic subdivision | Central Asia |
| 752 ## - ADDED ENTRY--HIERARCHICAL PLACE NAME | |
| Country or larger entity | Scotland |
| City | Edinburgh |
| 942 ## - ADDED ENTRY ELEMENTS (KOHA) | |
| Source of classification or shelving scheme | Dewey Decimal Classification |
| Koha item type | Books |
| Lost status | Source of classification or shelving scheme | Damaged status | Not for loan | Collection code | Permanent Location | Current Location | Shelving location | Date acquired | Source of acquisition | Cost, normal purchase price | Total Checkouts | Full call number | Date last seen | Copy number | Koha item type |
|---|---|---|---|---|---|---|---|---|---|---|---|---|---|---|---|
| Dewey Decimal Classification | Added to bundle | Non-fiction | Central Library, University of Rajshahi | Central Library, University of Rajshahi | Reading Room | 17/09/1964 | Zeitlinger | 30.00 | 958.6 WON 1848 | 24/03/2014 | C-1 | Books |